000 01124cab a2200241 4500
001 ABS68601
008 050125n2005 000 0 eng u
035 _a(Sirsi) u128600
245 _aBuilding Intelligence
_bnew year spending spree
260 _c2005
490 _aBuilding
_v270(8364) 14 January 2005, 61-69(9)
520 _aFeatures the latest output forecasts for the construction sector from Experian Business Strategies. Predicts that in 2005 public investment will continue to drive forward output growth but there will be different fortunes for other sectors of the industry. Private housing output is likely to stagnate or even decline this year and the outlook for industrial construction continues to be depressed. With figures for output, regional output and orders for 2004.
590 _aABS
650 _aCONSTRUCTION ORDERS
650 _aRESIDENTIAL SECTOR
650 _aCOMMERCIAL SECTOR
650 _aINDUSTRIAL SECTOR
650 _aCONSTRUCTION FORECASTS
650 _aCONSTRUCTION MARKET
650 _aCONSTRUCTION OUTPUT
690 _aBUILDING AND CONSTRUCTION-ECONOMICS
942 _n0
999 _c74749
_d74749